1919 1419 1162 1415 1053 1790 1437 1137 1272 1260 1272 1519 1062 1247 1065 1560 1679 1030 1236 1503 1390 1945 1540 1117 1792 1132 1021 1676 1049 1026 1314 1098 1566 1834 1575 1092 1629 1793 1119 1981 1286 1975 1765 1393 1574 1929 1006 1882 1157 1373 1052 1698 1502 1851 1399 1532 1945 1995 1157 1523 1807 1620 1479 1384 1217 1368 1223 1951 1556 1347 1632 1641 1386 1286 1023 1274 1261 1643 1395 1376 1786 1882 1810 1735 1633 1321 1962 1841 1597 1890 1936 1450 1058 1937 1120 1065 1056 1915 1779 BCNSPRNW ULIB Ver.6.0+V

เปลี่ยนเป็นภาษาไทย

Change to English
 แสดงรายละเอียดบรรณานุกรม
  กลับหน้าหลัก

Brief Record : Get Marc (ISO 2709) : E-mail record : QR code < ปิดหน้าต่าง
LEADER : 00000nam a2200000 a 4500
001    13399113704
003     ULIB
008    170311s2553 th a 000 0 tha d
020    ^a9789740322139
050  4 ^aQH308.2^bป469ช ล1
100 0  ^aปรีชา สุวรรณพินิจ
245 10 ^aชีววิทยา 1 /^cปรีชา สุวรรณพินิจ, นงลักษณ์ สุวรรณพินิจ
250    ^aพิมพ์ครั้งที่ 10
260    ^aกรุงเทพฯ :^bสำนักพิมพ์จุฬาลงกรณ์มหาวิทยาลัย,^c2553
300    ^a444 หน้า :^bภาพประกอบ ;^c26 ซม.
650  4 ^aชีววิทยา
700 0  ^aนงลักษณ์ สุวรรณพินิจ
945    ^p220^l0^i030835
945    ^p220^l0^i030836
995    ^aเกษร
999 ^a ใช้งานได้ทุกระบบ
รายการนี้ยังไม่มีแท็ก
คุณยังไม่ได้ล็อกอิน คุณสามารถมีกิจกรรมร่วมกับเว็บไซต์ได้ แต่ต้องล็อกอินก่อน ::
  ล็อกอิน

รายการสื่อสารสนเทศ

ลำดับที่ ประเภท เลขเรียก/บาร์โค้ด สถานที่ สถานะ
- ไม่พบข้อมูล -

รายการใกล้เคียง
    ผู้แต่ง [ปรีชา สุวรรณพินิจ]

    หัวเรื่อง [ชีววิทยา]

BibComment


ยังไม่เคยถูกคอมเมนท์

คอมเมนท์ทรัพยากรรายการนี้
  คอมเมนท์: ชีววิทยา 1 ปรีช..


 Copyright 2026. Bcnsprnw @Library